Cultivation of Escherichia coli with mixtures of 3-phenylpropionic acid and glucose : Steady-state growth kinetics /
保存先:
| その他の著者: | , , , |
|---|---|
| フォーマット: | 論文 |
| 言語: | English |
| 主題: | |
| タグ: |
タグ追加
タグなし, このレコードへの初めてのタグを付けませんか!
|
| Thư viện lưu trữ: | Thư viện Trường Đại học Đà Lạt |
|---|
| LEADER | 01074nam a2200361 4500 | ||
|---|---|---|---|
| 001 | DLU090096120 | ||
| 005 | ##20091201 | ||
| 040 | # | # | |a DLU |b eng |
| 041 | # | # | |a eng |
| 044 | # | # | |a us |
| 245 | # | # | |a Cultivation of Escherichia coli with mixtures of 3-phenylpropionic acid and glucose : Steady-state growth kinetics / |c K. Kovarova ... [et al.]. |
| 653 | # | # | |a Bacteria |
| 653 | # | # | |a Biodegradation |
| 653 | # | # | |a Escherichia coli |
| 653 | # | # | |a Glucose |
| 653 | # | # | |a Kinetics |
| 653 | # | # | |a Microorganism culture |
| 653 | # | # | |a Pollutant |
| 653 | # | # | |a Propionic acid derivatives |
| 700 | # | # | |a Egli, T. |
| 700 | # | # | |a Kach, A. |
| 700 | # | # | |a Kovarova, K. |
| 700 | # | # | |a Zehnder, A. J. |
| 773 | # | # | |t Applied and Environmental Microbiology |g Vol. 63, no. 7 (April 1997), p. 2619-2624 |
| 920 | # | # | |a Phòng Tạp chí -- Trung tâm Thông tin - Thư viện Trường Đại học Đà Lạt |
| 994 | # | # | |a DLU |
| 900 | # | # | |a True |
| 911 | # | # | |a Trương Bảo Trâm Anh |
| 925 | # | # | |a G |
| 926 | # | # | |a A |
| 927 | # | # | |a BB |
| 980 | # | # | |a Thư viện Trường Đại học Đà Lạt |